000 00396nam a22001457a 4500
005 20200613112043.0
008 200613b xxu||||| |||| 00| 0 eng d
082 _a345.4 AIR
110 _aALL INDIA REPORTER,
_96059
245 _aALL INDIA REPORTER, [1979] [VOL-66] KARNATAKA SECTION
260 _aDELHI
_bALL INDIA REPORTER, PVT. LTD.
300 _a288;p
650 _aLAW
_95701
942 _cJRL
999 _c7118
_d7116